Gaming Quiz

Random Gaming Quiz
Score 0/23 Timer 05:00
0 Plays Today
Spirit # Spirit Name % Correct
776Dr. Eggman
99.6%
777Tails
99.2%
796Sonic the Werehog
99.2%
775Sonic the Hedgehog
99.2%
781Knuckles
98.8%
779Amy
98.8%
786Chao
98.4%
788Shadow the Hedgehog
98.4%
795Silver the Hedgehog
93%
778Super Sonic
89.5%
793Blaze the Cat
88.3%
783Big the Cat
86.7%
Spirit # Spirit Name % Correct
785Chaos
86.3%
790Rouge the Bat
85.2%
791Cream & Cheese
84.8%
780Metal Sonic
84.4%
792Omega
84.4%
787Hero Chao
79.7%
789Super Shadow
79.3%
782Chaotix
78.1%
784Gamma
75.4%
797Infinite
73.4%
794Jet the Hawk
65.6%
Remove Ads.
Support Sporcle.
Get the best of Sporcle when you Go Orange. This ad-free experience offers more features, more stats, and more fun while also helping to support Sporcle. Thank you for becoming a member.

You're not logged in!

Compare scores with friends on all Sporcle quizzes.
OR
Log In

Show Comments

Extras

Top Quizzes Today


Score Distribution

Your Account Isn't Verified!

In order to create a playlist on Sporcle, you need to verify the email address you used during registration. Go to your Sporcle Settings to finish the process.

Report this User

Report this user for behavior that violates our Community Guidelines.

Details: